| 000 | 00631nam a2200193 a 4500 | ||
|---|---|---|---|
| 005 | 20241105063722.0 | ||
| 008 | 011101s1999 mx r 000 0 spa d | ||
| 020 | _a970183269X | ||
| 035 | _aUPN01000113686 | ||
| 049 | _aCG | ||
| 050 | 4 |
_aLC1099.5 M6 _bM4.3 |
|
| 110 | 2 | _aConsejo Nacional de Fomento Educativo (México) | |
| 245 | 1 | 0 |
_aEducación intercultural : _buna propuesta para población infantil migrante / _cConsejo Nacional de Fomento Educativo. |
| 260 |
_aMéxico : _bCONAFE, _c1999. |
||
| 300 | _a174 p. | ||
| 650 | 4 |
_aEducación intercultural _zMéxico _914189 |
|
| 650 | 4 |
_aMIGRACION INTERNA _913707 |
|
| 905 | _aLibro | ||
| 999 |
_c87594 _d87594 |
||